Statistiques concernant Noms de pays dans les noms de pays

Cliquez ici pour prendre le quiz!

Statistiques générales

  • Ce quiz a été pris 1 479 fois
    (1 414 depuis la dernière actualisation)
  • Le résultat moyen est 6 sur 14

Statistiques - réponses

Réponse% Correct
Guinée
67%
Guinée-Bissau
59%
Guinée équatoriale
59%
Papouasie-Nouvelle-Guinée
52%
Soudan
50%
Soudan du sud
48%
Biélorussie
45%
Russie
44%
Niger
42%
Nigeria
42%
Mali
17%
Laos
16%
Palaos
16%
Somalie
13%

Distribution des résultats

Percentile par nombre de réponses

% des personnes avec chaque résultat

Votre développement - résultats

Vous n’avez pas pris ce quiz depuis la dernière actualisation